| 000 | 00822nam a22002537a 4500 | ||
|---|---|---|---|
| 005 | 20250213102414.0 | ||
| 008 | 250213b |||||||| |||| 00| 0 eng d | ||
| 020 | _a9789386456472 | ||
| 037 | _cLCT | ||
| 040 |
_aLCT _cLCT |
||
| 041 |
_aeng _heng |
||
| 084 | _aZ2,5 Q8 | ||
| 100 |
_aKhan, Nuzhat Parveen _9694515 |
||
| 245 | _aLaw relating to socio-economic offences/ | ||
| 260 |
_aPrayagraj _bCentral Law Publication _c2023 |
||
| 300 | _axxviii, 676p. | ||
| 500 | _aThis book was first published in 2018 and reprinted in 2023. | ||
| 650 |
_aSocio Economics Offences-Laws _9735001 |
||
| 650 |
_aLaw- Social Issues _9735002 |
||
| 650 |
_aMoney Loundering _9735003 |
||
| 650 |
_aHuman trafficking _934227 |
||
| 650 |
_aDrug trafficking _9735004 |
||
| 942 |
_2CC _cTB _hZ2,5 Q8 _n0 |
||
| 999 |
_c1238402 _d1238402 |
||